Cuentos de Eva Luna / Isabel Allende
Cuentos de Eva Luna, consiste en una composición literaria de veintitrés historias, escritas por Eva, la protagonista de la novela, que mezclan sentimientos como el amor, el desamor, así como las bienaventuranzas, calamidades y desaciertos de sus memorables protagonistas, ubicados en la Sudamérica d...
Gespeichert in:
| 1. Verfasser: | |
|---|---|
| Format: | Buch |
| Sprache: | Undetermined |
| Veröffentlicht: |
Buenos Aires, Argentina
Editorial Sudamericana
1990
|
| Schlagworte: | |
| Tags: |
Tag hinzufügen
Keine Tags, Fügen Sie den ersten Tag hinzu!
|
MARC
| LEADER | 00000nam a2200000Ia 4500 | ||
|---|---|---|---|
| 008 | 170316s9999 xx 000 0 und d | ||
| 040 | |a cru BVZT | ||
| 090 | |a 860 A-13cu | ||
| 100 | |a Allende, Isabel |9 1010 | ||
| 245 | |a Cuentos de Eva Luna / Isabel Allende | ||
| 260 | |a Buenos Aires, Argentina |b Editorial Sudamericana |c 1990 | ||
| 300 | |a 286 páginas | ||
| 520 | |a Cuentos de Eva Luna, consiste en una composición literaria de veintitrés historias, escritas por Eva, la protagonista de la novela, que mezclan sentimientos como el amor, el desamor, así como las bienaventuranzas, calamidades y desaciertos de sus memorables protagonistas, ubicados en la Sudamérica de inicios del siglo XX. La vida de los personajes mostrados en la obra, se desarrolla en medio de las discriminaciones, revoluciones y protestas sociales, encaminadas a la reivindicación de los grupos menos favorecidos y marginados, en una época en donde predominaban los golpes de estado y los grupos armados. | ||
| 650 | |a LITERATURA LATINOAMERICANA |9 15 | ||
| 650 | |a NOVELA |9 13 | ||
| 999 | |c 8296 |d 8296 | ||
| 942 | |c 4 D |h 860 A-13cu |2 z | ||
